Geomorphology and land management in a changing environment
Αποθηκεύτηκε σε:
| Άλλοι συγγραφείς: | , |
|---|---|
| Μορφή: | Βιβλίο |
| Γλώσσα: | English |
| Δημοσίευση: |
Chichester :
John Wiley and sons ,
c1995
|
| Σειρά: | British Geomorphological Research Group symposia series
|
| Θέματα: | |
| Ετικέτες: |
Προσθήκη ετικέτας
Δεν υπάρχουν, Καταχωρήστε ετικέτα πρώτοι!
|
MARC
| LEADER | 00000nam a2200000 i 4500 | ||
|---|---|---|---|
| 001 | 1/76883 | ||
| 008 | 990401s1995 eng d | ||
| 020 | |a 0-471-95511-6 | ||
| 035 | |l 10049714 | ||
| 040 | |a GR-MY-UA |b gre |e aacr | ||
| 041 | 0 | |a eng | |
| 082 | 0 | |a 333.7315 | |
| 245 | 1 | 0 | |a Geomorphology and land management in a changing environment / |c edited by Duncan F. M. McGregor and Donald A. Thompson |
| 260 | |a Chichester : |b John Wiley and sons , |c c1995 | ||
| 300 | |a 339 p. |b fig. | ||
| 490 | 1 | |a British Geomorphological Research Group symposia series | |
| 504 | |a Includes bibliographical references and index | ||
| 650 | 0 | 0 | |a Geomorphology |x Congresses. |
| 650 | 0 | 0 | |a Land use |x Management |x Congresses. |
| 700 | 0 | |a McGregor, Duncan F. M. |4 edt | |
| 700 | 0 | |a Thompson, Donald A. |4 edt | |
| 830 | 0 | |a British Geomorphological Research Group symposia series | |
| 852 | |a INST |b LESVOS |e 19990401 |h 333.7315 GEO |p 005100016650 |q 005100016650 |t BK |y 0 | ||
| 901 | |a BIBL-1999-1 | ||
| 909 | |a Λ |b 062053 | ||
| 922 | |a 1ΕΛΗ |b 199812 |c ΚΠΣ/ΤΓ |d LEADER | ||
| 950 | |a 118-1998-10-19 | ||